000 00423nam a2200169Ia 4500
999 _c32122
_d32122
003 OSt
005 20260423160343.0
008 200614s9999||||xx |||||||||||||| ||und||
020 _a9788189994525
040 _cMUIT LUCKNOW
082 _a800
_bDWA-H
100 _aDWARIKA PRASAD SAXENA
245 0 _aHINDI KE PRACEEN PRATINIDHI KAVI
260 _aNew Delhi
_bAGRAWAL PUBLICATION
_c2018
300 _a429
942 _cBK
_2ddc